| 000 -LEADER | |
|---|---|
| fixed length control field | 00439nam a22001697a 4500 |
| 020 ## - INTERNATIONAL STANDARD BOOK NUMBER | |
| ISBN | 0448016079 |
| 050 ## - LIBRARY OF CONGRESS CALL NUMBER | |
| Classification number | PE 1625 rog |
| 100 ## - MAIN ENTRY--AUTHOR NAME | |
| Personal name | ROGET, Peter Mark |
| 245 ## - TITLE STATEMENT | |
| Title | The saurus of words and phrases |
| 250 ## - EDITION STATEMENT | |
| Edition statement | Authorized Revised edition |
| 260 ## - PUBLICATION, DISTRIBUTION, ETC. (IMPRINT) | |
| Place of publication | New York |
| Name of publisher | Grosset & Dunlop Publishers |
| Year of publication | 1947 |
| 300 ## - PHYSICAL DESCRIPTION | |
| Number of Pages | xxviii,705p |
| 700 ## - ADDED ENTRY--PERSONAL NAME | |
| Personal name | ROGET, John Lewis |
| Personal name | ROGET, Samuel Romily |
| 942 ## - ADDED ENTRY ELEMENTS (KOHA) | |
| Koha item type | Books |
| 988 ## - PAGINATION/EXTENT | |
| PAGINATION/EXTENT | xxviii,705p |
| Koha item type | Collection code | Shelving location | Accession Number | Permanent Location | Current Location | Date acquired | Full call number |
|---|---|---|---|---|---|---|---|
| Books | Reference | Reference | 0621 | Chapman Library | Chapman Library | 2016-08-04 | PE 1625 rog |

